Biblioteca y Centro de Documentación

Informes elaborados por el Consejo Económico y Social de la Comunidad de Madrid en 2009 (Registro nro. 23326)

Detalles MARC
000 -CABECERA
Longitud fija campo de control 01054nam a2200313 c 4500
001 - NÚMERO DE CONTROL
Número de control 23326
003 - IDENTIFICADOR DE NÚMERO DE CONTROL
Identificador del número de control ES-MaCES
005 - FECHA Y HORA DE LA ÚLTIMA TRANSACCIÓN
Fecha y hora de la última transacción 20141221122834.0
008 - CAMPO FIJO DE DESCRIPCIÓN FIJA--INFORMACIÓN GENERAL
Códigos de información de longitud fija   100928s2010 sp t o000 | spa d
017 ## - NÚMERO DE REGISTRO DE DERECHOS DE AUTOR Y DEPÓSITO LEGAL
Número de copyright o de depósito legal M 31550-2010
Agencia que asigna el número DL
035 ## - NÚMERO DE CONTROL DEL SISTEMA
Número de control del sistema CES20100007962m
040 ## - FUENTE DE CATALOGACIÓN
Centro catalogador de origen ES-MaCES
Lengua de catalogación spa
Centro transcriptor ES-MaCES
245 00 - MENCIÓN DE TÍTULO
Título Informes elaborados por el Consejo Económico y Social de la Comunidad de Madrid en 2009
250 ## - MENCIÓN DE EDICIÓN
Mención de edición 1ª ed
260 ## - PUBLICACIÓN, DISTRIBUCIÓN, ETC (PIE DE IMPRENTA)
Lugar de publicación, distribución, etc. Madrid
Nombre del editor, distribuidor, etc. CES, Comunidad de Madrid
Fecha de publicación, distribución, etc. 2010
300 ## - DESCRIPCIÓN FÍSICA
Extensión 535 p.
Dimensiones 23 cm
500 ## - NOTA GENERAL
Nota general Tít. de la cub.: Informes 2009 Memoria
541 ## - NOTA DE LA FUENTE INMEDIANTE DE ADQUISICIÓN
Forma de adquisición Gratuito
650 #4 - ASIENTO SECUNDARIO DE MATERIA--TÉRMINO DE MATERIA
Término de materia o nombre geográfico como elemento inicial Madrid (Comunidad Autónoma)
9 (RLIN) 30777
650 #4 - ASIENTO SECUNDARIO DE MATERIA--TÉRMINO DE MATERIA
Término de materia o nombre geográfico como elemento inicial informe
9 (RLIN) 28986
650 #4 - ASIENTO SECUNDARIO DE MATERIA--TÉRMINO DE MATERIA
Término de materia o nombre geográfico como elemento inicial 2009
9 (RLIN) 31942
653 10 - TÉRMINO DE INDEXACIÓN--NO CONTROLADO
Término no controlado Informes CES
710 2# - ENCABEZAMIENTO SECUNDARIO--NOMBRE CORPORATIVO
Nombre de entidad o nombre de jurisdicción como elemento inicial Consejo Económico y Social (Madrid)
9 (RLIN) 2424
740 02 - ENCABEZAMIENTO SECUNDARIO--TÍTULO ANALÍTICO/RELACIONADO NO CONTROLADO
Título relacionado o analítico no controlado Informes 2009 Memoria
787 0# - ENTRADA DE OTRAS ESPECIFICACIONES
Título Informes elaborados por el Consejo Económico y Social de la Comunidad de Madrid en 2008
Número de control del registro relacionado (ES-MaCES)22454
902 ## - CES. TIPO DE DOCUMENTO
Tipodoc (006$c Sirtex) LIB Libro
942 ## - ELEMENTOS KOHA
Fuente de clasificaión o esquema Clasificación propia del CES
Koha [por defecto] tipo de item Monografías
Parte de clasificación 6.0.12.
Existencias
Número de registro Signatura completa Tipo de item de Koha
077822 CES MADRID-117 Monografías
© CES, Consejo Económico y Social de España 2021